| 000 | 00644cam a2200217 4500 | ||
|---|---|---|---|
| 001 | J230 | ||
| 008 | 090401t1990 xxu||||| |||| 00| 0 eng d | ||
| 035 | _a(Sirsi) u73925 | ||
| 041 | _aeng | ||
| 050 | _a692.9 | ||
| 090 | _aJCT 1990/5A | ||
| 110 |
_aJoint Contracts Tribunal _93664 |
||
| 245 | _aStandard forms of nominated sub-contract (NSC/4 and NSC/4a) 1980 edition...Amendment 9 and guidance notes issued July 1990. | ||
| 260 |
_aLondon _bRIBA Publications Ltd. _c1990 |
||
| 300 | _a9p. ; 30cm. | ||
| 350 | _a0 | ||
| 650 | _aSUBCONTRACTS | ||
| 690 | _aBUILT ENVIRONMENT-BUILDING CONTRACT FORMS | ||
| 942 | _n0 | ||
| 948 | _c04/03/1997 | ||
| 999 |
_c95741 _d95741 |
||